000 01113cam a22003133a 4500
001 14391
003 PGUSA
005 20140828083316.0
008 041220s2004||||xxu|||||s|||||000 1 eng d
040 _aPGUSA
_beng
042 _adc
050 4 _aPB
245 1 4 _aThe Cattle-Raid of Cualnge (Tain Bo Cualnge) :
_bAn Old Irish Prose-Epic
_h[electronic resource]
260 _bProject Gutenberg,
_c2004
506 _aPublic domain in the USA.
516 _aElectronic text
653 _aTales -- Ulster (Northern Ireland and Ireland)
653 _aMythology, Celtic -- Ulster (Northern Ireland and Ireland)
653 _aCattle stealing -- Fiction
653 _aHeroes -- Ulster (Northern Ireland and Ireland) -- Legends
653 _aCuchulain (Legendary character) -- Fiction
653 _aEpic literature, Irish -- Translations into English
653 _aTales, Medieval -- Translations into English
700 1 _aFaraday, L. Winifred,
_d1872-
740 0 _aTáin Bó Cúalnge. English
830 0 _aProject Gutenberg
_v14391
856 4 0 _uhttp://www.gutenberg.org/ebooks/14391
942 _cEB
999 _c243646
_d243646